Por el Pirineo Catalán (Record no. 9620)

MARC details
000 -LEADER
campo de control de longitud fija 00849nam a2200229 i 4500
001 - NÚMERO DE CONTROL
campo de control 9620
003 - IDENTIFICADOR DE NÚMERO DE CONTROL
campo de control ES-MaACL
005 - FECHA Y HORA DE LA ÚLTIMA TRANSACCIÓN
campo de control 20230906145725.0
007 - CAMPO FIJO DE DESCRIPCIÓN FÍSICA--INFORMACIÓN GENERAL
campo de control de longitud fija t|
008 - DATOS DE LONGITUD FIJA--INFORMACIÓN GENERAL
campo de control de longitud fija 931112s1991 sp a |||| | spa d
020 ## - NÚMERO INTERNACIONAL ESTÁNDAR DEL LIBRO
Número Internacional Estándar del Libro 84-400-3176-9
080 ## - NÚMERO DE LA CLASIFICACIÓN DECIMAL UNIVERSAL
Número de la Clasificación Decimal Universal 914.671(234.1 Pirineos)(026)
100 1# - ENTRADA PRINCIPAL--NOMBRE DE PERSONA
Nombre de persona Enríquez de Salamanca, Cayetano.
9 (RLIN) 47285
245 10 - MENCIÓN DEL TÍTULO
Título Por el Pirineo Catalán
Resto del título : (Valle de Arán y Parque Nacional de Aigües Tortes) /
Mención de responsabilidad, etc. Cayetano Enríquez de Salamanca ; prólogo de Agustí Faus.
250 ## - MENCION DE EDICION
Mención de edición 5ª ed.
260 ## - PUBLICACIÓN, DISTRIBUCIÓN, ETC.
Lugar de publicación, distribución, etc. Las Rozas de Madrid :
Nombre del editor, distribuidor, etc. C. Enríquez de Salamanca,
Fecha de publicación, distribución, etc. 1991.
300 ## - DESCRIPCIÓN FÍSICA
Extensión 175 p. :
Otras características físicas il. col. y n. ;
Dimensiones 24 cm.
651 #4 - PUNTO DE ACCESO ADICIONAL DE MATERIA--NOMBRE GEOGRÁFICO
Nombre geográfico Pirineos catalanes (España)-
Subdivisión de forma Guías turísticas.
9 (RLIN) 158853
651 #4 - PUNTO DE ACCESO ADICIONAL DE MATERIA--NOMBRE GEOGRÁFICO
Nombre geográfico Pirineos catalanes (España)-
Subdivisión general Descripción.
9 (RLIN) 150167
700 1# - ENTRADA AGREGADA--NOMBRE PERSONAL
Nombre de persona Faus, Agustín.
9 (RLIN) 48973
852 ## - LOCALIZACIÓN
Ubicación ES-MaACL
Número de control de estantería L-17141
Holdings
Estatus retirado Estado de pérdida Estado de daño No para préstamo Biblioteca de origen Biblioteca actual Ubicación en estantería Fecha de adquisición Fuente de adquisición Total de préstamos Signatura topográfica completa Código de barras Visto por última vez Precio de reemplazo Tipo de ítem Koha
        Biblioteca del Ateneo de Madrid Biblioteca del Ateneo de Madrid Depósito 2 17/01/2008     L-17141 1009817 23/02/2023 23/02/2023 Libro impreso